| 000 | 01185nam a2200337 a 4500 | ||
|---|---|---|---|
| 003 | CO-BoRNBP | ||
| 005 | 20241018105657.0 | ||
| 007 | ta | ||
| 008 | 110223s2010 ck a gr 00010 spa d | ||
| 020 | _a9789587530094 | ||
| 040 |
_aCO-BoBLA _bspa _cCO-BoBLA _erda |
||
| 041 | 0 | _aspa | |
| 043 | _as-ck--- | ||
| 082 | 0 | 4 |
_a028 _bM15a1 _221 |
| 245 | 0 | 0 | _aManual introductorio y guía de animación a la lectura. |
| 250 | _aPrimera edición | ||
| 300 |
_a141 p. : _bil. ; _c21 cm. |
||
| 336 |
_2rdacontenido _atexto _btxt |
||
| 337 |
_2rdamedio _asin mediación _bn |
||
| 338 |
_2rdasoporte _avolumen _bnc |
||
| 490 | 0 |
_aBiblioteca de literatura afrocolombiana ; _v19 |
|
| 630 | 0 | 7 |
_aBiblioteca de literatura afrocolombiana _vReseñas. _943316 |
| 650 | 7 |
_aPromoción de la lectura. _2BLAAUTO _91931 |
|
| 650 | 7 |
_aAnimación a la lectura. _2BLAAUTO _929399 |
|
| 650 | 7 |
_aLibros y lectura. _2BLAAUTO _91932 |
|
| 830 | 0 |
_aColección de documentos en Biblioteca Virtual _943317 |
|
| 830 | 0 |
_aMalcom Deas-Colección _943318 |
|
| 856 | 4 | 0 |
_uhttp://www.banrepcultural.org/blaavirtual/biblioteca-afrocolombiana/manual-introductorio _zAcceso a texto completo |
| 942 |
_2ddc _cBK |
||
| 949 |
_an _bn |
||
| 999 |
_c38493 _d38493 |
||